Statistics for Clubs With Most Goals Scored in the 5 Latest Seasons (18)

Click here to take the quiz!

General Stats

  • This quiz has been taken 54 times
  • The average score is 18 of 21

Answer Stats

13/1414/1515/1616/1717/18GClub% Correct
8047827264386Borussia Dortmund
98%
10011011211699537FC Barcelona
98%
102837180106442Manchester City
98%
10411811010694532Real Madrid
98%
6871657774355Arsenal
96%
7767637058335Atlético Madrid
96%
9480808992486Bayern Munich
96%
7173598562350Chelsea
96%
10152637884378Liverpool
96%
6259507266309Inter Milan
94%
848310283108460Paris Saint-Germain
94%
8072757786390Juventus
92%
7770809477398SSC Napoli
86%
5558698674342Tottenham Hotspur
86%
5672677787359Olympique Lyonnais
84%
7254839061360AS Roma
80%
5376485780314Olympique Marseille
76%
63515710785363AS Monaco
67%
6971516949309Sevilla
67%
5471527489340SS Lazio
67%
6062565358323Bayer Leverkusen
51%

Score Distribution

Percentile by Number Answered

Percent of People with Each Score

Your Score History

You have not taken this quiz